[Event "Oberliga Ost B 2018 2019"]
[Site "?"]
[Date "2019.02.02"]
[Round "6.4"]
[White "Rolle, Eric"]
[Black "Nazarenus, Moritz"]
[Result "1-0"]
[WhiteElo "2196"]
[BlackElo "2261"]
[PlyCount "57"]
[EventDate "2018.10.21"]
[EventType "team-tourn"]
[EventCountry "GER"]
[WhiteTeam "Marburg SK"]
[BlackTeam "Schoeneck SF"]
[WhiteTeamCountry "GER"]
[BlackTeamCountry "GER"]

1. e4 c6 2. Nc3 e5 3. Nf3 d6 4. d4 Nd7 5. Bc4 exd4 6. Nxd4 Ne5 7. Be2 Nf6 8. f4
Ng6 9. O-O h5 10. f5 Ne5 11. Bg5 Be7 12. Qd2 Nfg4 13. Bxe7 Qxe7 14. h3 Nf6 15.
Nf3 Rh6 16. Qg5 b5 17. Qxg7 Rh7 18. Qg3 h4 19. Nxh4 b4 20. Nd1 Bb7 21. Nf3
Nxf3+ 22. Bxf3 O-O-O 23. Nf2 Rg8 24. Qf4 Nd7 25. Ng4 f6 26. a3 a5 27. axb4 axb4
28. e5 dxe5 29. Qc4 1-0

[Event "Oberliga Ost B 2018 2019"]
[Site "?"]
[Date "2019.02.02"]
[Round "6.5"]
[White "Meyer, Kai Christian"]
[Black "Duncker, Joachim"]
[Result "1-0"]
[WhiteElo "2192"]
[BlackElo "2178"]
[PlyCount "71"]
[EventDate "2018.10.21"]
[EventType "team-tourn"]
[EventCountry "GER"]
[WhiteTeam "Schoeneck SF"]
[BlackTeam "Marburg SK"]
[WhiteTeamCountry "GER"]
[BlackTeamCountry "GER"]

1. d4 Nf6 2. Nf3 g6 3. Nc3 d5 4. Bf4 Nh5 5. Be5 f6 6. Bg3 b6 7. e4 dxe4 8. Nxe4
Bg7 9. Bc4 Bb7 10. Qe2 Nxg3 11. hxg3 Bd5 12. Nc3 Bxc4 13. Qxc4 Qd7 14. d5 c5
15. O-O-O O-O 16. Qh4 h6 17. Rhe1 g5 18. Qe4 f5 19. Qxe7 Qxe7 20. Rxe7 Bf6 21.
Rb7 g4 22. Nh4 Bg5+ 23. Kb1 Bxh4 24. gxh4 Rf7 25. Rxf7 Kxf7 26. Nb5 Nd7 27. Re1
Nf8 28. c4 a6 29. Nc7 Rd8 30. Nxa6 Rd7 31. Nb8 Re7 32. Rxe7+ Kxe7 33. Kc2 Kd6
34. g3 Nh7 35. Kd3 Nf6 36. Ke3 1-0

[Event "Oberliga Ost B 2018 2019"]
[Site "?"]
[Date "2019.02.02"]
[Round "6.6"]
[White "Neidhardt, Helge"]
[Black "Mueller, Achim"]
[Result "1-0"]
[WhiteElo "2064"]
[BlackElo "2125"]
[PlyCount "75"]
[EventDate "2018.10.21"]
[EventType "team-tourn"]
[EventCountry "GER"]
[WhiteTeam "Marburg SK"]
[BlackTeam "Schoeneck SF"]
[WhiteTeamCountry "GER"]
[BlackTeamCountry "GER"]

1. d4 Nf6 2. Nf3 g6 3. c4 Bg7 4. Nc3 O-O 5. e4 d6 6. Be2 e5 7. Be3 Nc6 8. d5
Ne7 9. Nd2 c6 10. O-O Nd7 11. Nb3 c5 12. Nc1 f5 13. f3 Nf6 14. Nd3 f4 15. Bf2
g5 16. a3 Ng6 17. b4 b6 18. Rb1 Kh8 19. Re1 h5 20. h3 Rg8 21. bxc5 bxc5 22. Qa4
Ne7 23. Nxc5 dxc5 24. Bxc5 g4 25. hxg4 hxg4 26. fxg4 Bf8 27. Kf2 Qc7 28. Rh1+
Kg7 29. Bb4 a5 30. g5 Ng4+ 31. Bxg4 Bxg4 32. Bxe7 Bxe7 33. Qc6 Qa7+ 34. Kf1 Rh8
35. Rh6 Rxh6 36. gxh6+ Kf7 37. Rb6 Bh5 38. Nb5 1-0

[Event "Oberliga Ost B 2018 2019"]
[Site "?"]
[Date "2019.02.02"]
[Round "6.7"]
[White "Raetsch, Kurt"]
[Black "Nekhamkis, Genadi"]
[Result "0-1"]
[WhiteElo "1997"]
[BlackElo "2115"]
[PlyCount "146"]
[EventDate "2018.10.21"]
[EventType "team-tourn"]
[EventCountry "GER"]
[WhiteTeam "Schoeneck SF"]
[BlackTeam "Marburg SK"]
[WhiteTeamCountry "GER"]
[BlackTeamCountry "GER"]

1. b3 e5 2. Bb2 Nc6 3. d3 Nf6 4. Nd2 Bc5 5. e3 d6 6. Ngf3 O-O 7. Be2 a6 8. O-O
Ba7 9. Rc1 Ne7 10. Ng5 Nf5 11. Nge4 Nd5 12. Kh1 Ndxe3 13. fxe3 Nxe3 14. Qe1
Nxf1 15. Nxf1 f5 16. Ned2 Be6 17. Bf3 c6 18. d4 e4 19. Nxe4 fxe4 20. Bxe4 Qf6
21. Ng3 Rae8 22. Qb4 d5 23. Bd3 Qe7 24. Qd2 Bb8 25. Re1 Qh4 26. Kg1 Bxg3 27.
hxg3 Qxg3 28. Ba3 Bg4 29. Rc1 Rf6 30. Rf1 Rh6 31. Rf4 g5 32. Rf8+ Rxf8 33.
Qxg5+ Rg6 34. Bxg6 Qf2+ 35. Kh1 Qf1+ 36. Kh2 Qf4+ 37. Qxf4 Rxf4 38. Kg3 Rxd4
39. Bc5 Rd2 40. Bd3 h5 41. Be3 Rd1 42. a4 Kf7 43. Kf4 Ke6 44. Bc5 Rd2 45. g3
Bd1 46. Bf5+ Kf6 47. Be3 Rh2 48. Bd4+ Kf7 49. c3 Bxb3 50. a5 Ra2 51. Bb6 Bc4
52. Ke3 Kf6 53. Bc8 Re2+ 54. Kd4 Rd2+ 55. Kc5 Rd3 56. Kb4 Rxg3 57. Bd8+ Kg6 58.
Bxb7 Bb5 59. Bc8 Re3 60. Bb6 Re4+ 61. Bd4 h4 62. Kc5 Re8 63. Bd7 Rd8 64. Bh3
Kh5 65. Kb6 Rf8 66. Bd7 Rg8 67. Kc7 Rg3 68. Be5 Re3 69. Bd4 Re7 70. Bc5 Rxd7+
71. Kxd7 h3 72. Bg1 Kg4 73. Bh2 Kf3 0-1

[Event "Oberliga Ost B 2018 2019"]
[Site "?"]
[Date "2019.02.02"]
[Round "6.8"]
[White "Heiling, Thomas"]
[Black "Drebes, Guenter"]
[Result "1-0"]
[WhiteElo "2201"]
[BlackElo "2008"]
[PlyCount "41"]
[EventDate "2018.10.21"]
[EventType "team-tourn"]
[EventCountry "GER"]
[WhiteTeam "Marburg SK"]
[BlackTeam "Schoeneck SF"]
[WhiteTeamCountry "GER"]
[BlackTeamCountry "GER"]

1. d4 Nf6 2. c4 d6 3. Nc3 g6 4. e4 Bg7 5. Nf3 O-O 6. Be2 c6 7. O-O Nbd7 8. e5
Ne8 9. Bg5 f6 10. exf6 Nexf6 11. Qc2 e5 12. Rad1 Qc7 13. Rfe1 exd4 14. Nxd4 Ne5
15. h3 Qf7 16. Qb3 d5 17. cxd5 Nxd5 18. Ne4 h6 19. Bh4 Qf4 20. Bg3 Qxe4 21. Bc4
1-0

[Event "Oberliga Ost B 2018 2019"]
[Site "?"]
[Date "2019.02.03"]
[Round "7.1"]
[White "Zimmermann, Hendrik"]
[Black "Teske, Henrik"]
[Result "0-1"]
[WhiteElo "2240"]
[BlackElo "2489"]
[PlyCount "112"]
[EventDate "2018.10.21"]
[EventType "team-tourn"]
[EventCountry "GER"]
[WhiteTeam "Frankfurt SC Koenig Nied"]
[BlackTeam "Erfurt SV Empor"]
[WhiteTeamCountry "GER"]
[BlackTeamCountry "GER"]

1. e4 c5 2. Nf3 e6 3. d4 cxd4 4. Nxd4 a6 5. c4 Nf6 6. Nc3 Qc7 7. a3 Nc6 8. Be3
b6 9. Be2 Bb7 10. f3 Nxd4 11. Qxd4 Bc5 12. Qd2 O-O 13. b4 Bxe3 14. Qxe3 d5 15.
e5 Nd7 16. cxd5 Nxe5 17. dxe6 Rae8 18. O-O Rxe6 19. Qd2 Rd8 20. Qb2 Rh6 21.
Rad1 Nxf3+ 22. Rxf3 Qxh2+ 23. Kf2 Qh4+ 24. Kf1 Qh1+ 25. Kf2 Qh4+ 26. Kf1 Bxf3
27. Bxf3 Qh1+ 28. Kf2 Qh4+ 29. Kf1 Re8 30. Nd5 Rhe6 31. Qd2 g5 32. g4 h5 33.
Qf2 Qh3+ 34. Qg2 hxg4 35. Bxg4 Re1+ 36. Rxe1 Rxe1+ 37. Kf2 Qh4+ 38. Kf3 Rd1 39.
Ne7+ Kf8 40. Nf5 Qh1 41. Qxh1 Rxh1 42. Ne3 Ra1 43. Nc2 Rc1 44. Bf5 Ke7 45. Ke2
Kd6 46. Kd2 Rg1 47. Bc8 a5 48. Ne3 axb4 49. axb4 Rb1 50. Kc3 Rc1+ 51. Nc2 Ke5
52. Kd2 Rb1 53. Bd7 f5 54. Ne3 f4 55. Nc4+ Kd4 56. Nxb6 f3 0-1

[Event "Oberliga Ost B 2018 2019"]
[Site "?"]
[Date "2019.02.03"]
[Round "7.2"]
[White "Langheinrich, Ferenc"]
[Black "Chandler, Patrick"]
[Result "1-0"]
[WhiteElo "2374"]
[BlackElo "2165"]
[PlyCount "61"]
[EventDate "2018.10.21"]
[EventType "team-tourn"]
[EventCountry "GER"]
[WhiteTeam "Erfurt SV Empor"]
[BlackTeam "Frankfurt SC Koenig Nied"]
[WhiteTeamCountry "GER"]
[BlackTeamCountry "GER"]

1. c4 e5 2. Nc3 Nc6 3. Nf3 d6 4. d4 Bg4 5. d5 Nce7 6. e4 Ng6 7. h3 Bd7 8. Be3
Be7 9. g3 h5 10. h4 Nf6 11. Nh2 a6 12. Be2 Qc8 13. Rc1 c5 14. dxc6 bxc6 15. Bg5
Qb7 16. b3 Nf8 17. Bxf6 Bxf6 18. Bxh5 Ne6 19. Bg4 Nd4 20. Ne2 c5 21. Bxd7+ Kxd7
22. Nc3 Rag8 23. Nf3 Bd8 24. Nd5 g6 25. b4 Kc8 26. bxc5 dxc5 27. O-O Nxf3+ 28.
Qxf3 g5 29. Rb1 Qd7 30. Rfd1 Qe6 31. Qb3 1-0

[Event "Oberliga Ost B 2018 2019"]
[Site "?"]
[Date "2019.02.03"]
[Round "7.3"]
[White "Uwira, Oliver"]
[Black "Urban, Lars"]
[Result "1-0"]
[WhiteElo "2182"]
[BlackElo "2202"]
[PlyCount "95"]
[EventDate "2018.10.21"]
[EventType "team-tourn"]
[EventCountry "GER"]
[WhiteTeam "Frankfurt SC Koenig Nied"]
[BlackTeam "Erfurt SV Empor"]
[WhiteTeamCountry "GER"]
[BlackTeamCountry "GER"]

1. d4 d5 2. c4 e6 3. Nc3 Bb4 4. Nf3 Nf6 5. cxd5 exd5 6. Bg5 h6 7. Bxf6 Qxf6 8.
e3 O-O 9. Rc1 c6 10. Qb3 Bd6 11. Bd3 Nd7 12. O-O Qe7 13. e4 dxe4 14. Nxe4 Nf6
15. Nxd6 Qxd6 16. Rfe1 Rb8 17. Bc4 b5 18. Bf1 Be6 19. Qc3 Rfc8 20. Ne5 Bd5 21.
Qg3 Qb4 22. b3 Rb6 23. Qf4 a5 24. Bd3 a4 25. Ng4 c5 26. Qf5 Re6 27. Nxf6+ gxf6
28. Rxe6 Bxe6 29. Qh7+ Kf8 30. d5 Qd2 31. dxe6 Qxc1+ 32. Bf1 fxe6 33. Qh8+ Kf7
34. Qxc8 axb3 35. axb3 c4 36. bxc4 bxc4 37. Qxc4 Qxc4 38. Bxc4 f5 39. f4 Kf6
40. Kf2 e5 41. Ke3 exf4+ 42. Kxf4 Kg6 43. Be6 Kf6 44. Bxf5 Ke7 45. Kg4 Kf6 46.
Bc2 Kf7 47. Kh5 Kg7 48. g4 1-0

[Event "Oberliga Ost B 2018 2019"]
[Site "?"]
[Date "2019.02.03"]
[Round "7.4"]
[White "Weishaeutel, Moritz"]
[Black "Staller, Peter"]
[Result "1-0"]
[WhiteElo "2269"]
[BlackElo "2241"]
[PlyCount "141"]
[EventDate "2018.10.21"]
[EventType "team-tourn"]
[EventCountry "GER"]
[WhiteTeam "Erfurt SV Empor"]
[BlackTeam "Frankfurt SC Koenig Nied"]
[WhiteTeamCountry "GER"]
[BlackTeamCountry "GER"]

1. e4 e5 2. Nf3 Nc6 3. Bc4 Bc5 4. b4 Bxb4 5. c3 Ba5 6. d4 d6 7. Qb3 Qd7 8. dxe5
Bb6 9. Nbd2 Na5 10. Qc2 Nxc4 11. Nxc4 Qc6 12. Nxb6 axb6 13. exd6 Qxd6 14. Bg5
f6 15. Bh4 Ne7 16. O-O O-O 17. Rfd1 Qc5 18. Qb3+ Kh8 19. a4 Bg4 20. Rd3 Bxf3
21. Rxf3 Ng6 22. Bg3 Rfe8 23. Re3 Ne5 24. Bxe5 Qxe5 25. Rd1 Rad8 26. Rd5 Qe7
27. g3 h6 28. Qd1 c6 29. Rxd8 Rxd8 30. Rd3 Rxd3 31. Qxd3 Qc7 32. Qd4 Kh7 33. f4
b5 34. axb5 cxb5 35. e5 fxe5 36. fxe5 Qc6 37. Kf2 Qh1 38. h4 Qh2+ 39. Kf3 Qh1+
40. Kg4 Qc6 41. h5 Qe6+ 42. Kh4 Qf5 43. Qf4 Qc2 44. Qe3 Qf5 45. g4 Qe6 46. Qd3+
Kg8 47. Qxb5 Qa2 48. Kg3 Qd2 49. Qc4+ Kh8 50. Qd4 Qe1+ 51. Kf4 Qf1+ 52. Ke4
Qe2+ 53. Kf5 Qf3+ 54. Kg6 Qc6+ 55. Kf7 Qc7+ 56. Ke8 Qc8+ 57. Qd8 Qe6+ 58. Kf8
Kh7 59. Qd3+ Kh8 60. Qf5 Qg8+ 61. Ke7 Qc4 62. e6 Qxc3 63. Kf7 Qc4 64. g5 Qc7+
65. e7 Qc4+ 66. Ke8 hxg5 67. Kd8 Qd4+ 68. Qd7 Qb6+ 69. Kc8 Qc5+ 70. Qc7 Qf5+
71. Kb8 1-0

[Event "Oberliga Ost B 2018 2019"]
[Site "?"]
[Date "2019.02.03"]
[Round "7.5"]
[White "Graf, Gerd"]
[Black "Michalowski, Peter"]
[Result "1-0"]
[WhiteElo "2237"]
[BlackElo "2094"]
[PlyCount "67"]
[EventDate "2018.10.21"]
[EventType "team-tourn"]
[EventCountry "GER"]
[WhiteTeam "Frankfurt SC Koenig Nied"]
[BlackTeam "Erfurt SV Empor"]
[WhiteTeamCountry "GER"]
[BlackTeamCountry "GER"]

1. Nf3 d5 2. g3 Nc6 3. d3 Bg4 4. c3 Nf6 5. Nbd2 e5 6. Qc2 Be7 7. Bg2 O-O 8. h3
Be6 9. O-O h6 10. b4 a6 11. Bb2 Qd7 12. Kh2 Nh7 13. a3 f5 14. c4 Bf6 15. cxd5
Bxd5 16. e4 fxe4 17. dxe4 Bf7 18. Nb3 Ng5 19. Nc5 Qc8 20. Nxg5 hxg5 21. Rac1
Nd8 22. Bf3 c6 23. Bg4 Qc7 24. Rcd1 Re8 25. Rd7 Qb6 26. f4 gxf4 27. gxf4 a5 28.
fxe5 Bxe5+ 29. Bxe5 Rxe5 30. Qc3 Rg5 31. Qe3 Rg6 32. Bh5 Rf6 33. Rxf6 gxf6 34.
Qh6 1-0

[Event "Oberliga Ost B 2018 2019"]
[Site "?"]
[Date "2019.02.03"]
[Round "7.6"]
[White "Sieber, Stephan"]
[Black "Perlitz, Sven"]
[Result "1-0"]
[WhiteElo "2207"]
[BlackElo "2102"]
[PlyCount "115"]
[EventDate "2018.10.21"]
[EventType "team-tourn"]
[EventCountry "GER"]
[WhiteTeam "Erfurt SV Empor"]
[BlackTeam "Frankfurt SC Koenig Nied"]
[WhiteTeamCountry "GER"]
[BlackTeamCountry "GER"]

1. e4 c5 2. Nf3 Nc6 3. d4 cxd4 4. Nxd4 Nf6 5. Nc3 e5 6. Ndb5 d6 7. Bg5 a6 8.
Na3 b5 9. Nd5 Be7 10. Bxf6 Bxf6 11. c3 O-O 12. Nc2 Bg5 13. h4 Bh6 14. g4 Bf4
15. Nce3 Bxe3 16. fxe3 Be6 17. Bd3 Rb8 18. Qf3 b4 19. c4 Ne7 20. g5 b3 21. a3
Bxd5 22. exd5 f5 23. gxf6 Rxf6 24. Qg4 Qa5+ 25. Ke2 Rbf8 26. Raf1 Rxf1 27. Rxf1
Rxf1 28. Kxf1 Qd2 29. Qe2 Qc1+ 30. Kg2 g6 31. e4 Kg7 32. c5 Qxc5 33. Bxa6 Qc2
34. Bd3 Qc1 35. Bc4 Qc2 36. Kf2 Ng8 37. Ke3 Qc1+ 38. Kd3 Nf6 39. Bxb3 Nh5 40.
Qc2 Nf4+ 41. Kc4 Qf1+ 42. Kb4 Nd3+ 43. Ka5 Nc5 44. Bc4 Qf7 45. Bb5 Qe7 46. a4
Qxh4 47. Bc6 h5 48. Kb5 Nxe4 49. b4 Qe1 50. a5 h4 51. a6 Nd2 52. Qd3 h3 53.
Qxh3 Qe2+ 54. Kb6 Nc4+ 55. Kb7 Qf2 56. Qd7+ Kh6 57. Qc7 Qd2 58. b5 1-0

[Event "Oberliga Ost B 2018 2019"]
[Site "?"]
[Date "2019.02.03"]
[Round "7.7"]
[White "Goll, Christof"]
[Black "Rudnizki, Sergej"]
[Result "1/2-1/2"]
[WhiteElo "2068"]
[BlackElo "2141"]
[PlyCount "85"]
[EventDate "2018.10.21"]
[EventType "team-tourn"]
[EventCountry "GER"]
[WhiteTeam "Frankfurt SC Koenig Nied"]
[BlackTeam "Erfurt SV Empor"]
[WhiteTeamCountry "GER"]
[BlackTeamCountry "GER"]

1. d4 Nf6 2. Bf4 d6 3. e3 g6 4. h3 Bg7 5. Nf3 O-O 6. Be2 c6 7. O-O Nbd7 8. c4
Ne4 9. Nbd2 Nxd2 10. Qxd2 e5 11. Bh2 e4 12. Ne1 Nf6 13. b4 Bf5 14. Nc2 Qd7 15.
a4 h5 16. Rfd1 Rfd8 17. b5 c5 18. Qe1 Qe7 19. a5 h4 20. a6 b6 21. Rd2 Ne8 22.
Rad1 Bf6 23. Qf1 Nc7 24. dxc5 dxc5 25. Rxd8+ Rxd8 26. Qe1 Kh7 27. Rxd8 Qxd8 28.
Qd1 Be6 29. Qxd8 Bxd8 30. Na3 Kg7 31. Nb1 Kf8 32. Kf1 Ke8 33. Nc3 f5 34. Ke1
Kd7 35. Kd1 Be7 36. Kc2 Bd6 37. Bxd6 Kxd6 38. Kb3 Ke5 39. Kc2 Ne8 40. Na4 Nc7
41. Kc3 Ne8 42. Kd2 Nc7 43. Kc3 1/2-1/2

[Event "Oberliga Ost B 2018 2019"]
[Site "?"]
[Date "2019.02.03"]
[Round "7.8"]
[White "Pichl, Michael"]
[Black "Graebner, Walter"]
[Result "1-0"]
[WhiteElo "2023"]
[BlackElo "2037"]
[PlyCount "61"]
[EventDate "2018.10.21"]
[EventType "team-tourn"]
[EventCountry "GER"]
[WhiteTeam "Erfurt SV Empor"]
[BlackTeam "Frankfurt SC Koenig Nied"]
[WhiteTeamCountry "GER"]
[BlackTeamCountry "GER"]

1. g3 d5 2. Bg2 g6 3. Nf3 Bg7 4. O-O Nf6 5. d3 O-O 6. Nbd2 c5 7. e4 Qc7 8. Re1
Nc6 9. c3 Rd8 10. e5 Nd7 11. d4 e6 12. Nf1 h6 13. h4 Ne7 14. Bf4 h5 15. Ne3 Nf8
16. Qd2 Nh7 17. Rac1 c4 18. Kh1 Nf5 19. Nxf5 exf5 20. e6 Qe7 21. exf7+ Qxf7 22.
Ne5 Bxe5 23. Rxe5 Be6 24. Rce1 Nf8 25. Qe3 Qd7 26. Rxe6 Nxe6 27. Qxe6+ Kh7 28.
Qe7+ Kg8 29. Bc7 Qxe7 30. Rxe7 Re8 31. Bxd5+ 1-0

[Event "Oberliga Ost B 2018 2019"]
[Site "?"]
[Date "2019.02.03"]
[Round "7.1"]
[White "Juhasz, Barbara"]
[Black "Konopka, Michal"]
[Result "0-1"]
[WhiteElo "2182"]
[BlackElo "2363"]
[PlyCount "112"]
[EventDate "2018.10.21"]
[EventType "team-tourn"]
[EventCountry "GER"]
[WhiteTeam "Erfurt SV Medizin"]
[BlackTeam "Schoeneck SF"]
[WhiteTeamCountry "GER"]
[BlackTeamCountry "GER"]

1. e4 d5 2. exd5 Qxd5 3. Nc3 Qa5 4. d4 Nf6 5. Bd2 Bg4 6. f3 Bd7 7. Bc4 Qb6 8.
Nge2 e6 9. Be3 Bb4 10. O-O O-O 11. Bf2 Bxc3 12. Nxc3 Qb4 13. Bb3 Bc6 14. Bg3
Rd8 15. Be5 Ne8 16. Ne2 Ba4 17. a3 Qa5 18. c4 Bxb3 19. Qxb3 Nc6 20. Bg3 Qd2 21.
Qd1 Qxb2 22. Bf2 Qb6 23. Qc2 Qa6 24. Rfd1 Rd7 25. Rd3 Rad8 26. Rad1 Nd6 27. Rc3
Na5 28. Rc1 c5 29. h3 cxd4 30. Nxd4 Nc6 31. Nxc6 Qxc6 32. Bxa7 b6 33. c5 Rxa7
34. cxd6 Qxd6 35. Rd3 Qf8 36. Rxd8 Qxd8 37. Rd1 Rd7 38. Rxd7 Qxd7 39. Qe4 Qd1+
40. Kf2 Qd2+ 41. Qe2 Qxe2+ 42. Kxe2 Kf8 43. Kd3 Ke7 44. Kc4 Kd6 45. Kb5 Kc7 46.
a4 e5 47. a5 bxa5 48. Kxa5 e4 49. fxe4 Kd6 50. Kb5 Ke5 51. Kc6 Kxe4 52. Kd6 Kf4
53. Ke7 f5 54. Kf7 Kg3 55. Kxg7 Kxg2 56. h4 h5 0-1

[Event "Oberliga Ost B 2018 2019"]
[Site "?"]
[Date "2019.02.03"]
[Round "7.2"]
[White "Everett, Elijah"]
[Black "Wehner, Janis"]
[Result "1/2-1/2"]
[WhiteElo "2227"]
[BlackElo "2160"]
[PlyCount "73"]
[EventDate "2018.10.21"]
[EventType "team-tourn"]
[EventCountry "GER"]
[WhiteTeam "Schoeneck SF"]
[BlackTeam "Erfurt SV Medizin"]
[WhiteTeamCountry "GER"]
[BlackTeamCountry "GER"]

1. e4 c5 2. Nf3 Nc6 3. d4 cxd4 4. Nxd4 Nf6 5. Nc3 e5 6. Ndb5 d6 7. Bg5 a6 8.
Na3 b5 9. Nd5 Be7 10. Bxf6 Bxf6 11. c3 O-O 12. Nc2 Rb8 13. Nce3 Be6 14. a4 bxa4
15. Qxa4 Ne7 16. Ra2 a5 17. Bc4 Nxd5 18. Nxd5 Bxd5 19. Bxd5 Qb6 20. O-O Bd8 21.
b4 axb4 22. Rb1 b3 23. Rxb3 Qc7 24. Rxb8 Qxb8 25. g3 Bb6 26. Qd7 Qd8 27. Qc6
Bc5 28. Kg2 Qf6 29. Qc7 g5 30. f3 h5 31. Qd7 Rb8 32. Ra8 Rxa8 33. Bxa8 Kg7 34.
Bd5 Bb6 35. c4 Bc5 36. h3 h4 37. Qf5 1/2-1/2

[Event "Oberliga Ost B 2018 2019"]
[Site "?"]
[Date "2019.02.03"]
[Round "7.3"]
[White "Jakob, Matthias"]
[Black "Heinatz, Thomas"]
[Result "1/2-1/2"]
[WhiteElo "2091"]
[BlackElo "2308"]
[PlyCount "93"]
[EventDate "2018.10.21"]
[EventType "team-tourn"]
[EventCountry "GER"]
[WhiteTeam "Erfurt SV Medizin"]
[BlackTeam "Schoeneck SF"]
[WhiteTeamCountry "GER"]
[BlackTeamCountry "GER"]

1. d4 Nf6 2. Bf4 d6 3. Nc3 Nbd7 4. Nf3 c6 5. Qd2 b5 6. a3 Bb7 7. e4 Nh5 8. Be3
Qc7 9. Be2 Nhf6 10. O-O e5 11. Nh4 g6 12. f4 Be7 13. Qe1 a6 14. Qf2 exd4 15.
Bxd4 c5 16. Be3 Bxe4 17. Rae1 d5 18. Bf3 O-O 19. Nxe4 dxe4 20. Bd1 Bd6 21. g3
Rad8 22. f5 Be5 23. c3 Kg7 24. Qg2 h6 25. fxg6 fxg6 26. Qh3 h5 27. Nxg6 Kxg6
28. Qf5+ Kf7 29. Bxh5+ Ke7 30. Bg5 Kd6 31. Bg6 Kc6 32. Rd1 Kb7 33. Qe6 Ka7 34.
Bxe4 Rde8 35. Qc6 Bxg3 36. Bxf6 Bxh2+ 37. Kh1 Qxc6 38. Bxc6 Nxf6 39. Bxe8 Be5
40. Bc6 Rh8+ 41. Kg1 Ng4 42. Rde1 Rg8 43. Bd5 Rg5 44. Rf7+ Kb6 45. Rb7+ Ka5 46.
Kf1 Rf5+ 47. Kg2 1/2-1/2

[Event "Oberliga Ost B 2018 2019"]
[Site "?"]
[Date "2019.02.03"]
[Round "7.4"]
[White "Nazarenus, Moritz"]
[Black "Kirschbaum, Gunnar"]
[Result "1-0"]
[WhiteElo "2261"]
[BlackElo "2137"]
[PlyCount "49"]
[EventDate "2018.10.21"]
[EventType "team-tourn"]
[EventCountry "GER"]
[WhiteTeam "Schoeneck SF"]
[BlackTeam "Erfurt SV Medizin"]
[WhiteTeamCountry "GER"]
[BlackTeamCountry "GER"]

1. d4 c5 2. d5 g6 3. e4 Bg7 4. c4 d6 5. Ne2 Nf6 6. Nbc3 O-O 7. Ng3 e6 8. Be2
exd5 9. cxd5 Na6 10. O-O Nc7 11. a4 Re8 12. Re1 b6 13. f4 a6 14. Bf3 Rb8 15. e5
dxe5 16. fxe5 Nd7 17. e6 fxe6 18. d6 Nd5 19. Nxd5 exd5 20. Qxd5+ Kh8 21. Bg5
Nf6 22. Qf7 Bd7 23. Re7 Rxe7 24. dxe7 Qe8 25. Qxf6 1-0

[Event "Oberliga Ost B 2018 2019"]
[Site "?"]
[Date "2019.02.03"]
[Round "7.5"]
[White "Mueller Ludwig, Kristin"]
[Black "Meyer, Kai Christian"]
[Result "0-1"]
[WhiteElo "2034"]
[BlackElo "2192"]
[PlyCount "42"]
[EventDate "2018.10.21"]
[EventType "team-tourn"]
[EventCountry "GER"]
[WhiteTeam "Erfurt SV Medizin"]
[BlackTeam "Schoeneck SF"]
[WhiteTeamCountry "GER"]
[BlackTeamCountry "GER"]

1. e4 e5 2. Nf3 Nc6 3. Bb5 a6 4. Ba4 Nf6 5. d3 b5 6. Bb3 Bc5 7. O-O d6 8. c3
O-O 9. h3 Bb6 10. Re1 Ne7 11. Bg5 Ng6 12. d4 h6 13. dxe5 hxg5 14. exf6 Qxf6 15.
Qd5 Ne5 16. Bd1 Bxh3 17. Qd2 Nxf3+ 18. Bxf3 Rae8 19. Bd1 Bd7 20. Na3 Bc6 21.
Bc2 g4 0-1

[Event "Oberliga Ost B 2018 2019"]
[Site "?"]
[Date "2019.02.03"]
[Round "7.6"]
[White "Del Rio, Roland"]
[Black "Reichel, Norbert"]
[Result "1-0"]
[WhiteElo "2207"]
[BlackElo "2106"]
[PlyCount "73"]
[EventDate "2018.10.21"]
[EventType "team-tourn"]
[EventCountry "GER"]
[WhiteTeam "Schoeneck SF"]
[BlackTeam "Erfurt SV Medizin"]
[WhiteTeamCountry "GER"]
[BlackTeamCountry "GER"]

1. e4 c5 2. Nf3 g6 3. g3 Nc6 4. Bg2 Bg7 5. O-O d6 6. c3 e5 7. d3 Nge7 8. a3 O-O
9. b4 b6 10. b5 Nb8 11. a4 Bb7 12. c4 a5 13. Nc3 Nd7 14. Nd5 h6 15. Bh3 Bc8 16.
Nh4 Kh7 17. Ra2 Nxd5 18. cxd5 Bf6 19. Ng2 Bb7 20. Ne3 Bg7 21. Nc4 Nf6 22. f4
exf4 23. Bxf4 Ne8 24. Be3 Bc8 25. Bxc8 Rxc8 26. Raf2 f6 27. Qg4 Rb8 28. h4 h5
29. Qh3 Bh6 30. Bxh6 Kxh6 31. g4 hxg4 32. Qxg4 Rb7 33. Rg2 Rg7 34. Ne3 Kh7 35.
h5 g5 36. Qf5+ Kg8 37. h6 1-0

[Event "Oberliga Ost B 2018 2019"]
[Site "?"]
[Date "2019.02.03"]
[Round "7.7"]
[White "Grund, Sebastian"]
[Black "Mueller, Achim"]
[Result "1-0"]
[WhiteElo "2073"]
[BlackElo "2125"]
[PlyCount "79"]
[EventDate "2018.10.21"]
[EventType "team-tourn"]
[EventCountry "GER"]
[WhiteTeam "Erfurt SV Medizin"]
[BlackTeam "Schoeneck SF"]
[WhiteTeamCountry "GER"]
[BlackTeamCountry "GER"]

1. d4 Nf6 2. Nf3 g6 3. c4 Bg7 4. g3 O-O 5. Bg2 d6 6. O-O Nc6 7. Nc3 a6 8. Re1
Na5 9. Qd3 c5 10. e4 Ng4 11. d5 Rb8 12. h3 Nh6 13. Rb1 b5 14. cxb5 c4 15. Qe3
axb5 16. b4 cxb3 17. axb3 Bd7 18. Ne2 e5 19. dxe6 fxe6 20. Rd1 Nf7 21. Ng5 Nb7
22. Nxf7 Rxf7 23. b4 Rc8 24. Bb2 e5 25. Nc3 Rc4 26. Ba1 Qf8 27. Bf1 Bh6 28. Qe1
Rc8 29. Bb2 Nd8 30. Bc1 Ne6 31. Bxh6 Qxh6 32. Nxb5 Rc2 33. Qe3 Qf8 34. Nxd6 Rf3
35. Qa7 Rcxf2 36. Nf5 gxf5 37. Qxd7 Nd4 38. Rxd4 exd4 39. Bc4+ Kh8 40. Qxd4+
1-0

[Event "Oberliga Ost B 2018 2019"]
[Site "?"]
[Date "2019.02.03"]
[Round "7.1"]
[White "Schmidt Schaeffer, Sebastian"]
[Black "Mueller, Maximilian"]
[Result "1/2-1/2"]
[WhiteElo "2350"]
[BlackElo "2316"]
[PlyCount "80"]
[EventDate "2018.10.21"]
[EventType "team-tourn"]
[EventCountry "GER"]
[WhiteTeam "Naumburger SV"]
[BlackTeam "Gernsheim SK"]
[WhiteTeamCountry "GER"]
[BlackTeamCountry "GER"]

1. e4 c5 2. Nc3 a6 3. g3 b5 4. Bg2 Bb7 5. Nge2 e6 6. O-O b4 7. Na4 Nf6 8. d3 d5
9. e5 Nfd7 10. f4 Bc6 11. c4 d4 12. f5 Bxg2 13. Kxg2 exf5 14. Rxf5 g6 15. Rf4
Bg7 16. e6 fxe6 17. Re4 e5 18. Nf4 Qf6 19. Nd5 Qd6 20. Bg5 Nc6 21. Nab6 Nxb6
22. Nxb6 Rb8 23. Nd5 h6 24. Bd2 O-O 25. Qg4 Rf5 26. Rf1 Rbf8 27. Ree1 Qe6 28.
Qe2 Nd8 29. Rxf5 gxf5 30. Qf3 Qf7 31. h3 Nb7 32. g4 Nd6 33. gxf5 Nxf5 34. Qxf5
Qxd5+ 35. cxd5 Rxf5 36. Rf1 Rxf1 37. Kxf1 Kf7 38. Ke2 Kf6 39. Kf3 Kf5 40. b3
Bf8 1/2-1/2

[Event "Oberliga Ost B 2018 2019"]
[Site "?"]
[Date "2019.02.03"]
[Round "7.2"]
[White "Neumann, Martin"]
[Black "Heinrich, Julius Tobias"]
[Result "1-0"]
[WhiteElo "2086"]
[BlackElo "2076"]
[PlyCount "77"]
[EventDate "2018.10.21"]
[EventType "team-tourn"]
[EventCountry "GER"]
[WhiteTeam "Gernsheim SK"]
[BlackTeam "Naumburger SV"]
[WhiteTeamCountry "GER"]
[BlackTeamCountry "GER"]

1. d4 d5 2. c4 e6 3. Nc3 Nf6 4. Bg5 Be7 5. e3 Nbd7 6. Nf3 h6 7. Bh4 a6 8. Qc2
dxc4 9. Bxc4 b5 10. Bd3 Bb7 11. O-O O-O 12. Rfd1 Qc8 13. Rac1 c5 14. Qe2 c4 15.
Bb1 Qc6 16. b3 b4 17. Na4 c3 18. e4 g5 19. d5 exd5 20. Nd4 Qc7 21. Nf5 Bd6 22.
Nxh6+ Kh8 23. Bxg5 Bxh2+ 24. Kf1 Bf4 25. Bxf6+ Nxf6 26. Ng4 Bxc1 27. Nxf6 Qh2
28. Qg4 a5 29. Nc5 Bc8 30. Qf3 Qf4 31. Ke2 Qxf3+ 32. gxf3 Kg7 33. e5 Bg5 34.
Rg1 Rh8 35. Rxg5+ Kf8 36. Nxd5 Ba6+ 37. Ke3 Rh1 38. Nd7+ Ke8 39. N7f6+ 1-0